| 000 | 00372nam a2200145Ia 4500 | ||
|---|---|---|---|
| 008 | 230917s9999||||xx |||||||||||||| ||und|| | ||
| 040 |
_e102703 _aMAIN |
||
| 041 | _aEnglish | ||
| 082 | _a658.409 A11I | ||
| 100 | _aAdair, John | ||
| 245 | 0 | _aInspiring leadership: Learning from great leaders | |
| 260 |
_aNew Delhi _bViva Books _c2003 |
||
| 300 | _a366 p. | ||
| 942 | _cBK | ||
| 999 |
_c117484 _d117484 |
||